Inverness Airport Destinations - Statistics

General Stats
  • This quiz has been taken 33 times
  • The average score is 8 of 11
Answer Stats
Hint Answer % Correct
Netherlands Amsterdam
100%
Republic of Ireland Dublin
100%
Northern Ireland Belfast
97%
England London
97%
England Manchester
97%
England Bristol
81%
England Birmingham
74%
Scotland Kirkwall
58%
Scotland Stornoway
48%
Scotland Sumburgh
29%
Scotland Benbecula
19%
No matching quizzes found
Score Distribution
Percent of People with Each Score
Percentile by Number Answered
Your Score History
You have not taken this quiz